| 000 | 00535nam a22001697a 4500 | ||
|---|---|---|---|
| 005 | 20251108175435.0 | ||
| 008 | 250721s2014 xx 000 0 ara d | ||
| 082 | 1 | 4 | _aم/363.3005/تقر |
| 245 | 1 | 0 | _aالتقرير السنوي لعام 2014م / |
| 264 | 1 |
_aالاردن - عمان : _bالمديرية العامة للدفاع المدني، _c2014. |
|
| 300 | _a113ص. | ||
| 650 | 1 | 7 | _aالدفاع المدني |
| 650 | 1 | 7 | _aالتقارير السنوية |
| 650 | 1 | 7 | _aالأردن |
| 942 |
_2ddc _cREF |
||
| 999 |
_c134158 _d134158 |
||